000 01366nam a2200313 a 4500
001 BRCA_2803
005 20190320203957.0
008 081208s1905----sp-a---###---#000-0#spa-u
041 _aspa
044 _asp
084 _a255
_b.C355
_c1905
100 1 _aCervantes Saavedra, Miguel de
_d1547-1616
_9213
245 1 0 _aEl Ingenioso Hidalgo Don Quijote de la Mancha
_ccompuesto por Miguel de Cervantes Saavedra.
250 _a13
260 _aMadrid
_bSaturnino Calleja Fernández
_c[1905]
300 _a682 p.
_bil.
_c17 cm.
500 _aContenido : Advertencia a los profesores de primera enseñanza por el editor. Advertencia a los niños. Prólogo del autor. Texto abreviado de ambas partes
500 _aEdición : Calleja para escuelas. Ilustrada con artículos grabados
500 _aEdición para escuelas de primera enseñanza, con el texto abreviado y grabados intercalados Lúdovik Osterc
500 _aEstado físico : Lomo desprendido y primeras páginas ligeramente desprendidas
500 _aQM1131
650 1 4 _aNovela española
_yÉpoca clásica, 1500-1700
_9215
650 1 4 _aLiteratura española
_yÉpoca clásica, 1500-1700
_9216
650 1 4 _aNovela española
_ySiglo XVII
_9217
650 1 4 _aDon Quijote (Personaje ficticio)
_eNovela
_9218
740 0 _aEl Ingenioso Hidalgo Don Quijote de la Mancha
902 _aQFM
942 _2lcc
_cB
999 _c2543
_d2543